L'Égypte nationaliste et libérale, de Moustapha Kamel à Saad Zagloul (1892-1927) /

محفوظ في:

المؤلف الرئيسي: Ghālī, Ibrāhīm Amīn, 1912- (مؤلف)

التنسيق: كتاب

اللغة: French

منشور في: La Haye : M. Nijhoff, 1969.

الموضوعات:

الوسوم: إضافة وسم

لا توجد وسوم, كن أول من يضع وسما على هذه التسجيلة!

رقم الطلب: DT107 .G4

LEADER 00961nam a22002297a 4500
003 OSt
005 20260405111640.0
008 260405t1969 ne ah g b 000 0 fre d
010 |a 74425990 
040 |c ARCE Library 
043 |a f-ua--- 
050 1 4 |a DT107  |b .G4 
100 1 |6 880-01  |a Ghālī, Ibrāhīm Amīn,  |d 1912-  |e author 
245 1 2 |a L'Égypte nationaliste et libérale, de Moustapha Kamel à Saad Zagloul (1892-1927) /   |c Ibrahim Amin Ghali. 
264 1 |a La Haye :   |b M. Nijhoff,   |c 1969. 
300 |a xvi, 401 pages :   |b facsimiles, tables ;   |c 25 cm. 
504 |a Bibliographical footnotes. 
651 0 |a Egypt  |x Politics and government  |y 1882-1952. 
880 1 |6 100-01/(3/r  |a غالي، إبراهيم أمين،‪‪‪‪‪‪‪‪‪‪‪‪‪‪‪‪‪‪‪‪‪‪‪‪‪‪‪‪‪‪‪‪‪‪‪‪‪‪‪‪‪‪‪‪‪‪‪‪‪‪‪‪‪‪‪‪‪‪‪  |d 1912- 
901 |a reviewed 
942 |c BK  |2 lcc 
999 |c 22813  |d 22813